ბათუმის შოთა რუსთაველის სახელმწიფო უნივერსიტეტის ბიბლიოთეკა

Human physiology : (ბიბ.ჩანაწერი № 58802)

000 -LEADER
fixed length control field 00518nam a22001815i 4500
001 - CONTROL NUMBER
control field 21786306
005 - DATE AND TIME OF LATEST TRANSACTION
control field 20221107103409.0
008 - FIXED-LENGTH DATA ELEMENTS--GENERAL INFORMATION
fixed length control field 201102s2021 nyu 000 0 eng
020 ## - INTERNATIONAL STANDARD BOOK NUMBER
International Standard Book Number 9780198869887x
041 ## - LANGUAGE CODE
Language code of text/sound track or separate title eng
080 ## - UNIVERSAL DECIMAL CLASSIFICATION NUMBER
Universal Decimal Classification number 612 D-26
100 1# - MAIN ENTRY--PERSONAL NAME
Personal name Davies, Jamie A.
9 (RLIN) 14584
245 10 - TITLE STATEMENT
Title Human physiology :
Remainder of title A very Short introduction /
Statement of responsibility, etc. Jamie A. Davies.
264 #1 - PRODUCTION, PUBLICATION, DISTRIBUTION, MANUFACTURE, AND COPYRIGHT NOTICE
Place of production, publication, distribution, manufacture Oxford,
Date of production, publication, distribution, manufacture, or copyright notice 2021.
300 ## - PHYSICAL DESCRIPTION
Extent 143 p.;
Other physical details 18 cm.
653 ## - INDEX TERM--UNCONTROLLED
keyword ადამიანის ფსიქოლოგია
942 ## - ADDED ENTRY ELEMENTS (KOHA)
Source of classification or shelving scheme
Koha item type წიგნი
ეგზემპლარები
Withdrawn status Lost status Source of classification or shelving scheme Damaged status Not for loan Permanent Location Current Location Shelving location Date acquired Cost, normal purchase price Full call number Barcode Date last seen Copy number Price effective from Koha item type Public note
          ბათუმის შოთა რუსთაველის სახელმწიფო უნივერსიტეტის მთავარი ბიბლიოთეკა ბათუმის შოთა რუსთაველის სახელმწიფო უნივერსიტეტის მთავარი ბიბლიოთეკა წიგნსაცავი 2022-09-13 55.00 612 D-26 63036 2022-09-13 63036 2022-09-13 წიგნი 55 ლ.
          ბათუმის შოთა რუსთაველის სახელმწიფო უნივერსიტეტის მთავარი ბიბლიოთეკა ბათუმის შოთა რუსთაველის სახელმწიფო უნივერსიტეტის მთავარი ბიბლიოთეკა წიგნსაცავი 2022-09-13 55.00 612 D-26 63037 2022-09-13 63037 2022-09-13 წიგნი 55 ლ.